Regionálna kultúra v individualistickom kontexte

Regionálne spoločenstvo. Regionálna kultúra ako pamäť. Ekonomické funkcie regionálnej kultúry. Regionálna kultúra v procesoch globálnej difúzie.

Gespeichert in:
Bibliographische Detailangaben
1. Verfasser: Suríková, Mária
Format: Buchkapitel
Sprache:Slowakisch
Schlagworte:
Tags: Tag hinzufügen
Keine Tags, Fügen Sie das erste Tag hinzu!

MARC

LEADER 00000naa$a2200000$$$4500
001 0085660
005 20231102120314.6
041 0 |a slo 
044 |a SK 
245 1 0 |a Regionálna kultúra v individualistickom kontexte  |c Mária Suríková 
520 |a Regionálne spoločenstvo. Regionálna kultúra ako pamäť. Ekonomické funkcie regionálnej kultúry. Regionálna kultúra v procesoch globálnej difúzie. 
610 2 0 |a kultúra 
610 2 0 |a regióny 
610 2 0 |a individualizmus 
610 2 0 |a história 
610 2 0 |a záujmy ekonomické 
100 1 |a Suríková, Mária